Statistics for Biggest Cities in Germany in 1910

Click here to take the quiz!

General Stats

  • This quiz has been taken 20,070 times
  • The average score is 11 of 20

Answer Stats

1910 popCityCurrent pop% Correct
2,071,257Berlin3,460,725
100%
596,467Munich1,353,186
96%
931,035Hamburg1,786,448
92%
414,576Frankfurt679,664
88%
516,527Cologne1,007,119
83%
548,308Dresden523,058
73%
358,728Düsseldorf588,735
73%
286,218Stuttgart606,588
68%
589,850Leipzig522,883
61%
333,142Nuremberg505,664
61%
217,437Bremen547,340
60%
302,375Hanover522,686
57%
294,653Essen574,635
54%
245,994Königsberg (Kaliningrad)431,402
26%
229,438Duisburg489,599
25%
512,105Breslau (Wrocław)635,759
22%
279,629Magdeburg232,306
20%
236,113Stettin (Szczecin)407,811
18%
287,807Chemnitz243,521
15%
305,978Charlottenburgmerged into #1
8%

Score Distribution

Percentile by Number Answered

Percent of People with Each Score

Your Score History

You have not taken this quiz